| 000 | 01081nam a22002535a 4500 | ||
|---|---|---|---|
| 003 | OSt | ||
| 005 | 20170326120552.0 | ||
| 008 | 170313s2015 ua frb 000 0 ara d | ||
| 015 | _a2014 / 25913 | ||
| 020 | _a9789770476918 | ||
| 040 |
_aEG-ScBUE _bara _cEG-ScBUE |
||
| 082 | 0 | 4 |
_a346.092 _bس ن ا _222 |
| 100 | 1 | _aسنان، حميد عبد الوهاب. | |
| 245 | 1 | 2 |
_aالوسائل الودية لتسوية منازعات التجارة والاستثمار وفقا للتشريعات الوطنية والاتفاقيات الدولية : _bدراسة مقارنة / _cحميد عبد الوهاب سنان. |
| 260 |
_aالقاهرة : _bدار النهضة العربية، _c2015. |
||
| 300 |
_a334 ص. ؛ _c24 سم. |
||
| 504 | _aيشتمل على إرجاعات ببليوجرافية. | ||
| 650 | 7 |
_2BUEsh _aالمنازعات التجارية (قانون دولي) |
|
| 650 | 7 |
_2BUEsh _aالاستثمار (قانون دولي) |
|
| 650 | 7 |
_2BUEsh _aالاتفاقيات الدولية. _916817 |
|
| 651 | _2BUEsh | ||
| 653 |
_bLLAAWW _cMarch2017 |
||
| 942 | _2ddc | ||
| 999 |
_c24519 _d24491 |
||